000
00204nam a2200085Ia 4500
008
170617s9999 xx 000 0 und d
100
_a
SEILER- JURG P.
245
0
_a
GOOD LABOROTORY PRACTICE
260
_b
DEHLI-SPRINGER
260
_c
2007
999
_c
15939
_d
15939